Hand Hygiene Analyzed by Video Recording (Record no. 300170)
[ view plain ]
| 000 -LEADER | |
|---|---|
| fixed length control field | 00549nam a2200133Ia 4500 |
| 008 - FIXED-LENGTH DATA ELEMENTS--GENERAL INFORMATION | |
| fixed length control field | 160809s9999 xx 000 0 und d |
| 100 ## - MAIN ENTRY--PERSONAL NAME | |
| Personal name | Boudjema, Sophia. |
| 245 ## - TITLE STATEMENT | |
| Title | Hand Hygiene Analyzed by Video Recording |
| 245 ## - TITLE STATEMENT | |
| Statement of responsibility, etc | Sophia Boudjema, Pauline Reynier, Jean Charles Dufour, Olga Florea, Philippe Patouraux, Patrick Peretti-Watel and Philippe Brouqui. |
| 260 ## - PUBLICATION, DISTRIBUTION, ETC. (IMPRINT) | |
| Name of publisher, distributor, etc | Journal of Nursing and Care |
| 260 ## - PUBLICATION, DISTRIBUTION, ETC. (IMPRINT) | |
| Date of publication, distribution, etc | April 2016 |
| 650 ## - SUBJECT ADDED ENTRY--TOPICAL TERM | |
| General subdivision | NURSING |
| 856 ## - ELECTRONIC LOCATION AND ACCESS | |
| Uniform Resource Identifier | <a href="http://www.omicsgroup.org/journals/ArchiveJNC/previousissue-nursing-care-open-access.php">http://www.omicsgroup.org/journals/ArchiveJNC/previousissue-nursing-care-open-access.php</a> |
| Withdrawn status | Lost status | Damaged status | Home library | Current library | Date acquired | Total Checkouts | Date last seen | Price effective from | Koha item type |
|---|---|---|---|---|---|---|---|---|---|
| College Library | College Library | 08/09/2016 | 08/09/2016 | 08/09/2016 | Foreign e-journal articles |